| 000 | 00397nam a22001577a 4500 | ||
|---|---|---|---|
| 003 | OSt | ||
| 005 | 20251124161346.0 | ||
| 008 | 251124b |||||||| |||| 00| 0 eng d | ||
| 020 | _a9781401398033 | ||
| 040 | _cCL | ||
| 100 | _aMITCH ALBOM | ||
| 245 | _aThe five people you meet in heaven / | ||
| 260 |
_aNew York : _bHyperion, _cc2003 |
||
| 300 |
_a196 pages. ; _c21 cm. |
||
| 942 |
_2ddc _cFIC. _n0 |
||
| 999 |
_c6132 _d6132 |
||